000 00449nam a2200145Ia 4500
003 OSt
005 20260128102941.0
008 211028s2017 xx 000 0 und d
040 _cAIMIT LIBRARY
041 _aeng
100 _aBalakrishnan, Shilpa; Rose, Swapna.
_g1516152
_97725
245 _aStudy on stress management of teaching staff and non teaching staff at the Mother school /
260 _aMangalore
_bSwapna Rose
_c2017
942 _2ddc
_cPRO
999 _c219293
_d219293